000 00629cam a22002293a 4500
001 17514
003 PGUSA
005 20140828083355.0
008 060114s2006||||xxu|||||s|||||000 | eng d
040 _aPGUSA
_beng
042 _adc
050 4 _aSB
100 1 _aWright, Mabel Osgood,
_d1859-1934
245 1 4 _aThe Garden, You, and I
_h[electronic resource] /
_cMabel Osgood Wright
260 _bProject Gutenberg,
_c2006
506 _aPublic domain in the USA.
516 _aElectronic text
653 _aGardening
830 0 _aProject Gutenberg
_v17514
856 4 0 _uhttp://www.gutenberg.org/ebooks/17514
942 _cEB
999 _c246769
_d246769